| 000 | 00382nam a22001571a 4500 | ||
|---|---|---|---|
| 020 | _a9788170742760 | ||
| 082 |
_a301 _bIST/P |
||
| 100 | _aIstvan Meszaros | ||
| 245 |
_aThe power of ideology/ _cby Istvan Meszaros |
||
| 260 |
_aKolkata: _bK P Bagchi, _c2004. |
||
| 300 | _a556p. | ||
| 650 | _aPolitical Sociology | ||
| 650 | _aIdeology | ||
| 650 | _aSocial Sciences | ||
| 942 | _cBK | ||
| 999 |
_c35294 _d35294 |
||